| Tag |
First Indicator |
Second Indicator |
Subfields |
| LEADER |
00000cam a2200000 a 4500 |
| 001 |
in00002811384 |
| 005 |
20151203092803.0 |
| 008 |
120809s2013 enk b 001 0 eng |
| 010 |
|
|
|a 2012027482
|
| 020 |
|
|
|a 9780415582872 (hardback)
|
| 020 |
|
|
|a 0415582873 (hardback)
|
| 020 |
|
|
|a 9780415582889 (pbk.)
|
| 020 |
|
|
|a 0415582881 (pbk.)
|
| 020 |
|
|
|a 9780203073025 (ebook)
|
| 020 |
|
|
|a 0203073029 (ebook)
|
| 035 |
|
|
|a (OCoLC)ocn617637731
|
| 040 |
|
|
|a DLC
|c DLC
|d UtOrBLW
|
| 049 |
|
|
|a TXAM
|
| 050 |
0 |
0 |
|a JZ1305
|b .P68 2013
|
| 082 |
0 |
0 |
|a 327.101
|2 23
|
| 245 |
0 |
0 |
|a Postcolonial theory and international relations :
|b a critical introduction /
|c edited by Sanjay Seth.
|
| 264 |
|
1 |
|a London ;
|a New York :
|b Routledge,
|c 2013.
|
| 300 |
|
|
|a xi, 203 pages ;
|c 25 cm.
|
| 336 |
|
|
|a text
|b txt
|2 rdacontent
|
| 337 |
|
|
|a unmediated
|b n
|2 rdamedia
|
| 338 |
|
|
|a volume
|b nc
|2 rdacarrier
|
| 490 |
1 |
|
|a Interventions
|
| 504 |
|
|
|a Includes bibliographical references and index.
|
| 520 |
|
|
|a Postcolonial theory has had the most impact in disciplines such as literature and, to some degree, history and perhaps the least impact in the discipline of politics. However, there is growing interest in postcolonial theory within politics, and interest in especially high in the subfield of international relations. This text provides a comprehensive survey of how postoclonial theory shapes our understanding of international relations.
|
| 650 |
|
0 |
|a International relations
|x Philosophy.
|
| 650 |
|
0 |
|a Postcolonialism.
|
| 700 |
1 |
|
|a Seth, Sanjay,
|d 1961-
|
| 830 |
|
0 |
|a Interventions (Routledge (Firm))
|
| 945 |
|
|
|a PromptCat
|b 248682
|
| 946 |
|
|
|a stk
|
| 947 |
|
|
|a A14835757736
|
| 948 |
|
|
|a cataloged
|b h
|c 2013/4/4
|d c
|e dmitchel
|f 3:50:30 pm
|
| 994 |
|
|
|a 92
|b TXA
|
| 999 |
|
|
|a MARS
|
| 999 |
f |
f |
|s 4265a559-a3cc-3165-a678-337a45cad846
|i 3612b508-21ef-3770-9782-7a644b7c4ccb
|t 0
|
| 952 |
f |
f |
|p normal
|a Texas A&M University
|b College Station
|c Sterling C. Evans Library
|d Evans: Library Stacks
|t 0
|e JZ1305 .P68 2013
|h Library of Congress classification
|i unmediated -- volume
|m A14835757736
|
| 998 |
f |
f |
|a JZ1305 .P68 2013
|t 0
|l Evans: Library Stacks
|